Phân tích tình hình chuyển dịch cơ cấu kinh tế nông nghiệp ở tỉnh Vĩnh Long : Luận văn tốt nghiệp Đại học

Phân tích tình hình cơ cấu kinh tế của tỉnh Vĩnh Long trước khi thực hiện chuyển dịch giai đoạn 1995-2000. So sánh hiệu quả đạt được từ việc chuyển dịch trong nội bộ ngành trồng trọt và thủy sản. Đề ra các giải pháp thực hiện chuyển dịch c...

Descrición completa

Gardado en:
Detalles Bibliográficos
Autor Principal: Lê, Thị Bích Trâm
Formato: Libro
Idioma:Undetermined
Publicado: Cần Thơ Trường Đại học Cần Thơ 2008
Những chủ đề:
Các nhãn: Engadir etiqueta
Sen Etiquetas, Sexa o primeiro en etiquetar este rexistro!
Thư viện lưu trữ: Trung tâm Học liệu Trường Đại học Cần Thơ
LEADER 01307nam a2200217Ia 4500
001 CTU_169364
008 210402s9999 xx 000 0 und d
082 |a 338.1 
082 |b Tr120 
100 |a Lê, Thị Bích Trâm 
245 0 |a Phân tích tình hình chuyển dịch cơ cấu kinh tế nông nghiệp ở tỉnh Vĩnh Long : 
245 0 |b Luận văn tốt nghiệp Đại học 
245 0 |c Lê Thị Bích Trâm ; Trương Chí Tiến ( Giáo viên hướng dẫn) 
260 |a Cần Thơ 
260 |b Trường Đại học Cần Thơ 
260 |c 2008 
520 |a Phân tích tình hình cơ cấu kinh tế của tỉnh Vĩnh Long trước khi thực hiện chuyển dịch giai đoạn 1995-2000. So sánh hiệu quả đạt được từ việc chuyển dịch trong nội bộ ngành trồng trọt và thủy sản. Đề ra các giải pháp thực hiện chuyển dịch cơ cấu kinh tế nông nghiệp trong thời gian tới theo huớng phát triển bền vững. 
650 |a Agriculture,Nông nghiệp 
650 |x Economic aspects,Khía cạnh kinh tế 
904 |i Năm 
980 |a Trung tâm Học liệu Trường Đại học Cần Thơ